|
|
|
|
| LEADER |
00000nab a2200000 a 4500 |
| 001 |
vtls008934800 |
| 003 |
SK-MaSNL |
| 005 |
20260303190419.0 |
| 008 |
140303c2006 xo wrzp 0 0slo |
| 015 |
|
|
|a SNBRB2007/01
|2 snkbucl
|
| 040 |
|
|
|a SNKBUCL
|b slo
|c SNKBUCL
|e AACR2
|
| 041 |
0 |
|
|a slo
|
| 044 |
|
|
|a xo
|c SK
|
| 080 |
|
|
|a 614.2:004:061.3
|2 1997
|
| 080 |
|
|
|a 004:614.2:061.3
|2 1997
|
| 100 |
1 |
|
|a Smolková, Jana
|4 aut
|9 367817
|
| 245 |
1 |
0 |
|a Počítač sa musí stať pracovným nástrojom poskytovateľa
|b vo Vysokých Tatrách sa konal kongres slovenskej a českej informatiky
|c Jana Smolková
|
| 300 |
|
|
|a Fotogr.
|
| 611 |
2 |
7 |
|a Nemocničný informačný systém
|g podujatie odborné
|n (11. :
|d 2006 :
|c Kúpele Nový Smokovec, Slovensko)
|2 snkbucl
|9 1218711
|
| 650 |
0 |
7 |
|a medicína
|x informatika
|2 snkbucl
|9 1218712
|
| 650 |
0 |
7 |
|a lekárska informatika
|2 snkbucl
|9 66618
|
| 650 |
0 |
7 |
|a kongres
|2 snkbucl
|9 1033576
|
| 773 |
0 |
|
|t Zdravotnícke noviny
|g Roč. XI, č. 46 (2006), s. 9
|x 1335-4477
|
| 852 |
|
|
|a SNK
|b KIS3GCP
|
| 958 |
|
|
|a MI
|
| 958 |
|
|
|a SK
|
| 999 |
|
|
|c 2136142
|d 2138072
|